Pakistan's Search for Peace with Afghanistan: (Record no. 615557)
[ view plain ]
| 000 -LEADER | |
|---|---|
| fixed length control field | 01242nam a22001937a 4500 |
| 003 - CONTROL NUMBER IDENTIFIER | |
| control field | NUST |
| 005 - DATE AND TIME OF LATEST TRANSACTION | |
| control field | 20251218094722.0 |
| 008 - FIXED-LENGTH DATA ELEMENTS--GENERAL INFORMATION | |
| fixed length control field | 251217b ||||| |||| 00| 0 eng d |
| 020 ## - INTERNATIONAL STANDARD BOOK NUMBER | |
| International Standard Book Number | 9786968535742 |
| 082 ## - DEWEY DECIMAL CLASSIFICATION NUMBER | |
| Classification number | 954.91009581,LAT |
| 100 ## - MAIN ENTRY--PERSONAL NAME | |
| Personal name | Latif, Zahid |
| 9 (RLIN) | 132151 |
| 245 ## - TITLE STATEMENT | |
| Title | Pakistan's Search for Peace with Afghanistan: |
| Remainder of title | Statecraft, Policy and Strategy / |
| Statement of responsibility, etc. | Zahid Latif |
| 260 ## - PUBLICATION, DISTRIBUTION, ETC. | |
| Place of publication, distribution, etc. | NUST Press |
| Name of publisher, distributor, etc. | Islamabad, Pakistan |
| Date of publication, distribution, etc. | 2025 |
| 300 ## - PHYSICAL DESCRIPTION | |
| Extent | xxii, 216 p |
| 505 ## - FORMATTED CONTENTS NOTE | |
| Formatted contents note | Introduction (Page-1), Genesis of Pakistan Afghan Policy (1947-1992) and The Nature of Its Ethnic Leaning (Page-39), Pakistan Post-Cold War Policy Towards Afghanistan and the Deepening of Its Ethnic Orientation (Page-59), Application of Pakistan's Military Instrument in Support of Post-9/11 Afghan Policy (Page-103), Pakistan's Policy and The Indo-U.S Presence in Afghanistan ((Page-120), Collapse of The Islamic Republic of Afghanistan and the Resurgence of the Taliban (Page-141), Some Reflections on the Perpetual Issues of Afghan Policy (Page-146), Future Policy and Interdependence (Page-163), Statecraft, Policy and Strategy for the Future (Page-181). |
| 650 ## - SUBJECT ADDED ENTRY--TOPICAL TERM | |
| Topical term or geographic name entry element | Pak-Afghan Relations |
| 9 (RLIN) | 132345 |
| 651 ## - SUBJECT ADDED ENTRY--GEOGRAPHIC NAME | |
| Geographic name | Pakistan's Foreign Policy |
| 9 (RLIN) | 132346 |
| 942 ## - ADDED ENTRY ELEMENTS (KOHA) | |
| Source of classification or shelving scheme | |
| Koha item type | Book |
| Withdrawn status | Lost status | Source of classification or shelving scheme | Damaged status | Not for loan | Permanent Location | Current Location | Shelving location | Date acquired | Full call number | Barcode | Date last seen | Price effective from | Koha item type | Public note |
|---|---|---|---|---|---|---|---|---|---|---|---|---|---|---|
| Military College of Signals (MCS) | Military College of Signals (MCS) | General Stacks | 12/17/2025 | 954.91009581,LAT | MCS38940 | 12/17/2025 | 12/17/2025 | Book | Almirah Fresh No.43, Shelf No.2 | |||||
| Military College of Signals (MCS) | Military College of Signals (MCS) | Reference | 12/17/2025 | 954.91009581,LAT | MCS38942 | 12/17/2025 | 12/17/2025 | Reference | Almirah Fresh No.43, Shelf No.2 | |||||
| Military College of Signals (MCS) | Military College of Signals (MCS) | General Stacks | 12/17/2025 | 954.91009581,LAT | MCS38941 | 12/17/2025 | 12/17/2025 | Book | Almirah Fresh No.43, Shelf No.2 | |||||
| Military College of Signals (MCS) | Military College of Signals (MCS) | General Stacks | 12/17/2025 | 954.91009581,LAT | MCS38938 | 12/17/2025 | 12/17/2025 | Book | Almirah Fresh No.43, Shelf No.2 | |||||
| Military College of Signals (MCS) | Military College of Signals (MCS) | General Stacks | 12/17/2025 | 954.91009581,LAT | MCS38939 | 12/17/2025 | 12/17/2025 | Book | Almirah Fresh No.43, Shelf No.2 |
